000 00815nam a2200253Ia 4500
003 OSt
005 20220923212822.0
006 a|||||r|||| 00| 0
007 ta
008 220922b |||||||| |||| 00| 0 san d
024 _a156,109
037 _cTextual
040 _aARTS
_cARTS
_bsan
041 _2san
_asan
082 _aO1518vK, 152J6
100 _aकोछड़, हरिवंश
_9156318
245 0 _aअपभं्रश - साहित्य
246 _aApabhanrash - sāhitya
260 _aदिल्ली
_b भारती साहित्य मंदिर
_c1956
300 _a435पृ0
_ccm.
650 _aसंस्कृत साहित्य
942 _hO1518vK, 152J6
_cTEXL
_2CC
999 _c311430
_d311430